[Event "Hamar op A"]
[Site "Hamar"]
[Date "2018.09.20"]
[Round "2"]
[White "Slettmoen, Markus"]
[Black "Brobakken, Jorgen"]
[Result "1-0"]
[WhiteElo "1704"]
[BlackElo "1541"]
[PlyCount "103"]
[EventDate "2018.09.06"]
[EventType "swiss"]
[EventRounds "7"]
[EventCountry "NOR"]
[SourceTitle "EXT 2024"]
[Source "ChessBase"]
[SourceDate "2023.10.10"]
[SourceVersion "1"]
[SourceVersionDate "2023.10.10"]
[SourceQuality "1"]

1. e4 d5 2. exd5 Qxd5 3. Qf3 Qxf3 4. Nxf3 Nf6 5. Nc3 Bf5 6. Nb5 Kd8 7. Bc4 e6 8. 0-0 a6 9. Nbd4 Bg6 10. d3 Bd6 11. Bg5 Nbd7 12. Rfe1 h6 13. Bh4 c6 14. Bxe6 fxe6 15. Nxe6+ Kc8 16. Nxg7 Rg8 17. Ne6 Bh5 18. Nd2 Nd5 19. Nd4 Bb4 20. N4b3 Bd6 21. Re6 Bf4 22. Rae1 Kc7 23. a3 Bg4 24. R6e4 Bf5 25. Rxf4 Nxf4 26. Bg3 Rxg3 27. hxg3 Nd5 28. Nd4 Bh7 29. Ne6+ Kb6 30. c4 N5f6 31. c5+ Ka7 32. d4 Re8 33. Nf3 Bg8 34. Ng7 Rxe1+ 35. Nxe1 Bh7 36. Nf3 Ng4 37. Ne8 Bg6 38. Nd6 b6 39. cxb6+ Kxb6 40. Nd2 Ndf6 41. N6c4+ Kb5 42. f3 Bd3 43. Nd6+ Ka4 44. fxg4 Nxg4 45. Nb7 Bb5 46. Nc5+ Ka5 47. Nd7 Bd3 48. Ne5 Nxe5 49. dxe5 Bf5 50. Kf2 Kb5 51. Ke3 Kc5 52. Kf4 1-0

[Event "Hamar CC-ch A"]
[Site "Hamar"]
[Date "2018.04.19"]
[Round "8"]
[White "Slettmoen, Markus"]
[Black "Holm, Ragnar"]
[Result "0-1"]
[WhiteElo "1708"]
[BlackElo "2090"]
[PlyCount "78"]
[EventDate "2018.01.04"]
[EventType "swiss"]
[EventRounds "9"]
[EventCountry "NOR"]
[SourceTitle "EXT 2024"]
[Source "ChessBase"]
[SourceDate "2023.10.10"]
[SourceVersion "1"]
[SourceVersionDate "2023.10.10"]
[SourceQuality "1"]

1. d4 Nf6 2. Nf3 e6 3. c4 c5 4. Bf4 cxd4 5. Nxd4 e5 6. Bxe5 Qa5+ 7. Qd2 Qxe5 8. Nb5 Ne4 9. Qe3 Bc5 10. f4 Bxe3 11. fxe5 Na6 12. g3 Bc1 13. Bg2 Bxb2 14. Bxe4 Bxa1 15. Nd6+ Ke7 16. Rf1 Rf8 17. Nf5+ Kd8 18. Nd6 Nc5 19. Bxh7 b6 20. Na3 Ba6 21. Rf5 f6 22. exf6 Rxf6 23. Rd5 Kc7 24. Bf5 Rxd6 25. Rxc5+ bxc5 26. Nc2 Bc3+ 27. Kf2 Rf8 28. g4 g6 29. Ne3 Bd4 30. Kf3 Bxe3 31. Kxe3 gxf5 32. gxf5 Rxf5 33. h4 Bxc4 34. h5 Rxh5 35. a4 Bxe2 36. a5 c4 37. a6 c3 38. Kf4 c2 39. Ke4 Bf3+ 0-1

[Event "Hamar CC-ch A"]
[Site "Hamar"]
[Date "2018.01.04"]
[Round "1"]
[White "Slettmoen, Markus"]
[Black "Floen, Frode"]
[Result "1-0"]
[WhiteElo "1708"]
[BlackElo "1394"]
[PlyCount "71"]
[EventDate "2018.01.04"]
[EventType "swiss"]
[EventRounds "9"]
[EventCountry "NOR"]
[SourceTitle "EXT 2024"]
[Source "ChessBase"]
[SourceDate "2023.10.10"]
[SourceVersion "1"]
[SourceVersionDate "2023.10.10"]
[SourceQuality "1"]

1. d4 d5 2. Bf4 e6 3. e3 Bd6 4. Qg4 g6 5. Bxd6 Qxd6 6. Nc3 a6 7. e4 Qb4 8. 0-0-0 Nc6 9. exd5 exd5 10. Qe2+ Be6 11. Nxd5 Qd6 12. Nxc7+ Qxc7 13. d5 Qf4+ 14. Kb1 Nd4 15. Qc4 Qxf2 16. Qxd4 Qxd4 17. Rxd4 Rd8 18. Bc4 Nf6 19. Nf3 Nxd5 20. Rhd1 0-0 21. Bxd5 Bxd5 22. Rxd5 Rc8 23. Rd7 b5 24. Ra7 Rc6 25. Rdd7 Rf6 26. a3 Re8 27. Re7 Rxe7 28. Rxe7 Kf8 29. Ra7 h6 30. Kc1 g5 31. h3 Kg7 32. Kd2 Kg6 33. Ne5+ Kg7 34. Ke3 Re6 35. Ke4 Kf6 36. Rxf7# 1-0

[Event "Hamar CC-ch A"]
[Site "Hamar"]
[Date "2017.05.04"]
[Round "9"]
[White "Holm, Ragnar"]
[Black "Slettmoen, Markus"]
[Result "1-0"]
[WhiteElo "2065"]
[BlackElo "1468"]
[PlyCount "63"]
[EventDate "2017.01.05"]
[EventType "swiss"]
[EventRounds "9"]
[EventCountry "NOR"]
[SourceTitle "EXT 2024"]
[Source "ChessBase"]
[SourceDate "2023.10.10"]
[SourceVersion "1"]
[SourceVersionDate "2023.10.10"]
[SourceQuality "1"]

1. d4 Nf6 2. c4 g6 3. Nc3 Bg7 4. e4 0-0 5. Nf3 d6 6. h3 e5 7. d5 c6 8. Bg5 Qb6 9. Qc2 h6 10. Be3 c5 11. a3 Qc7 12. Bd3 a6 13. b4 b6 14. Qd2 h5 15. 0-0 a5 16. Nb5 Qe7 17. bxc5 bxc5 18. Ra2 Nh7 19. Rb2 f5 20. Bg5 Nxg5 21. Qxg5 Qxg5 22. Nxg5 Bh6 23. Nc7 Ra7 24. Nge6 Bxe6 25. Nxe6 Re8 26. Rfb1 Nc6 27. dxc6 Rxe6 28. Rb7 Re7 29. Rxa7 Rxa7 30. Rb7 Ra8 31. c7 fxe4 32. Rb8+ 1-0

[Event "Hamar Ridabu School-ch"]
[Site "Hamar"]
[Date "2015.02.05"]
[Round "3"]
[White "Reigstad, Erlend"]
[Black "Slettmoen, Markus"]
[Result "1/2-1/2"]
[WhiteElo "1090"]
[BlackElo "1052"]
[PlyCount "116"]
[EventDate "2015.01.08"]
[EventType "swiss"]
[EventRounds "9"]
[EventCountry "NOR"]
[SourceTitle "EXT 2024"]
[Source "ChessBase"]
[SourceDate "2023.10.10"]
[SourceVersion "1"]
[SourceVersionDate "2023.10.10"]
[SourceQuality "1"]

1. e4 e6 2. Nf3 d5 3. exd5 exd5 4. d4 Bg4 5. Be2 Qe7 6. 0-0 Nd7 7. Re1 0-0-0 8. Nc3 Nb6 9. h3 Bh5 10. Ne5 Bxe2 11. Rxe2 Qf6 12. Ng4 Qg6 13. Bf4 Bd6 14. Bxd6 Qxd6 15. Qd3 f6 16. a3 a6 17. Qf5+ Qd7 18. Qxd7+ Rxd7 19. Re8+ Rd8 20. Rxd8+ Kxd8 21. b3 Ne7 22. Ne3 Re8 23. Rd1 c6 24. Rd2 Nbc8 25. Ne2 Nd6 26. Nc3 Nef5 27. Nxf5 Nxf5 28. f3 Kd7 29. Kf2 g6 30. g4 Nd6 31. Re2 f5 32. Rxe8 Kxe8 33. Ke3 Ke7 34. Kf4 Kf6 35. g5+ Ke6 36. h4 b5 37. Nd1 a5 38. Nb2 Nb7 39. Nd3 Kd6 40. b4 a4 41. Ne5 Nd8 42. Ke3 Ke6 43. c3 Ke7 44. f4 Kf8 45. Nd7+ Kf7 46. Nf6 Nb7 47. Nd7 Ke6 48. Nc5+ Nxc5 49. dxc5 Ke7 50. Kd3 Kf7 51. Ke3 Ke7 52. Kd4 Kd7 53. Ke5 Ke7 54. Kd4 Ke6 55. Ke3 Kd7 56. Kf3 Ke6 57. Ke3 Kd7 58. Kd4 Ke6 1/2-1/2

[Event "Hamar op B"]
[Site "Hamar"]
[Date "2014.10.02"]
[Round "3"]
[White "Slettmoen, Markus"]
[Black "Solbakken, Per"]
[Result "1-0"]
[WhiteElo "955"]
[BlackElo "1004"]
[PlyCount "49"]
[EventDate "2014.09.04"]
[EventType "swiss"]
[EventRounds "9"]
[EventCountry "NOR"]
[SourceTitle "EXT 2024"]
[Source "ChessBase"]
[SourceDate "2023.10.10"]
[SourceVersion "1"]
[SourceVersionDate "2023.10.10"]
[SourceQuality "1"]

1. d4 d5 2. Nf3 Nf6 3. Bf4 e6 4. e3 Nc6 5. Bd3 Be7 6. c4 0-0 7. Nc3 Nh5 8. Bg3 Nxg3 9. hxg3 Bb4 10. Bxh7+ Kh8 11. Qc2 f5 12. Bxf5+ Kg8 13. Bh7+ Kf7 14. Qg6+ Ke7 15. Qxg7+ Rf7 16. Qg5+ Kd7 17. Qxd8+ Nxd8 18. Ne5+ Ke7 19. Nxf7 Kxf7 20. cxd5 Bxc3+ 21. bxc3 exd5 22. Bd3 Ne6 23. Bf5 a5 24. Bxe6+ Bxe6 25. Rh7+ 1-0

[Event "Hamar CC-ch"]
[Site "Hamar"]
[Date "2014.05.08"]
[Round "9"]
[White "Slettmoen, Markus"]
[Black "Opseth, Oliver"]
[Result "0-1"]
[WhiteElo "962"]
[BlackElo "1075"]
[PlyCount "78"]
[EventDate "2014.01.09"]
[EventType "swiss"]
[EventRounds "9"]
[EventCountry "NOR"]
[SourceTitle "EXT 2024"]
[Source "ChessBase"]
[SourceDate "2023.10.10"]
[SourceVersion "1"]
[SourceVersionDate "2023.10.10"]
[SourceQuality "1"]

1. d4 d5 2. Nf3 Nf6 3. Bf4 Nc6 4. e3 Bg4 5. Bd3 e6 6. h3 Bh5 7. g4 Bg6 8. Bxg6 hxg6 9. c3 Ne4 10. Ne5 Nxe5 11. Bxe5 f6 12. Bf4 g5 13. f3 gxf4 14. fxe4 fxe3 15. Qf3 dxe4 16. Qxe4 Bd6 17. Qxb7 Qb8 18. Qc6+ Kd8 19. b3 f5 20. gxf5 exf5 21. Qg2 Rf8 22. Qg5+ Kd7 23. Qxe3 Re8 24. Qxe8+ Qxe8+ 25. Kd1 Qh5+ 26. Kc2 Qe2+ 27. Nd2 Bf4 28. Rad1 Bxd2 29. Rxd2 Qe4+ 30. Kc1 Qxh1+ 31. Rd1 Qxh3 32. Rd2 Qxc3+ 33. Rc2 Qxc2+ 34. Kxc2 Rf8 35. Kd3 f4 36. Ke2 f3+ 37. Kf2 g5 38. a4 g4 39. b4 g3+ 0-1

[Event "Hamar CC-ch"]
[Site "Hamar"]
[Date "2014.04.03"]
[Round "7"]
[White "Orsleie, Sivert Nikolai"]
[Black "Slettmoen, Markus"]
[Result "1-0"]
[WhiteElo "893"]
[BlackElo "962"]
[PlyCount "120"]
[EventDate "2014.01.09"]
[EventType "swiss"]
[EventRounds "9"]
[EventCountry "NOR"]
[SourceTitle "EXT 2024"]
[Source "ChessBase"]
[SourceDate "2023.10.10"]
[SourceVersion "1"]
[SourceVersionDate "2023.10.10"]
[SourceQuality "1"]

1. e4 e6 2. d4 d5 3. Nc3 Bb4 4. Nge2 c5 5. a3 cxd4 6. Qxd4 Bxc3+ 7. Nxc3 Nf6 8. exd5 exd5 9. Bb5+ Bd7 10. Qe5+ Qe7 11. Qxe7+ Kxe7 12. 0-0 d4 13. Re1+ Kf8 14. Bxd7 dxc3 15. Ba4 cxb2 16. Bxb2 Nc6 17. Rad1 Rd8 18. Rxd8+ Nxd8 19. Bxf6 gxf6 20. Re8+ Kg7 21. Rxh8 Kxh8 22. g4 Ne6 23. Bb3 Kg7 24. h4 Nd4 25. Kg2 Kg6 26. a4 f5 27. gxf5+ Kxf5 28. Bxf7 Nxc2 29. Bg8 Kg6 30. Bd5 Nd4 31. Bxb7 Ne6 32. Be4+ Kh6 33. a5 Nc5 34. Bc6 Kh5 35. Kg3 Nd3 36. f4 Nb4 37. Be4 Kh6 38. f5 Kg7 39. h5 Kf6 40. Kf3 h6 41. Ke3 Na6 42. Kd4 Nc7 43. Kc5 Kg5 44. Bd3 Kxh5 45. f6 Ne6+ 46. Kd6 Nf4 47. f7 Nxd3 48. f8Q Kg5 49. Qg7+ Kh5 50. Qf7+ Kg5 51. Qd5+ Kf4 52. Qxd3 h5 53. Qh7 h4 54. Qxh4+ Kf5 55. Qe7 Kg6 56. Qf8 a6 57. Qf4 Kg7 58. Qf5 Kh6 59. Qg4 Kh7 60. Ke6 Kh6 1-0

[Event "Hamar CC-ch"]
[Site "Hamar"]
[Date "2014.01.09"]
[Round "1"]
[White "Glaso, Einar Elfinn"]
[Black "Slettmoen, Markus"]
[Result "0-1"]
[WhiteElo "1189"]
[BlackElo "962"]
[PlyCount "91"]
[EventDate "2014.01.09"]
[EventType "swiss"]
[EventRounds "9"]
[EventCountry "NOR"]
[SourceTitle "EXT 2024"]
[Source "ChessBase"]
[SourceDate "2023.10.10"]
[SourceVersion "1"]
[SourceVersionDate "2023.10.10"]
[SourceQuality "1"]

1. Nf3 e6 2. d4 d5 3. Bf4 c5 4. e3 Qb6 5. b3 Nc6 6. c4 Nf6 7. dxc5 Bxc5 8. Nbd2 d4 9. Be2 dxe3 10. Bxe3 Bxe3 11. fxe3 Qxe3 12. h3 0-0 13. a3 Rd8 14. Qc2 Nd4 15. Nxd4 Qxd4 16. 0-0-0 Qa1+ 17. Nb1 Rxd1+ 18. Rxd1 Bd7 19. Bd3 g6 20. g4 Rd8 21. Be2 Qe5 22. Qd2 Qg3 23. Qb4 Qc7 24. Qe7 Ne4 25. Bf1 Nc5 26. b4 Ne4 27. c5 Qf4+ 28. Kb2 Qf6+ 29. Qxf6 Nxf6 30. Nc3 Kf8 31. Nb5 a6 32. Nc7 Ke7 33. Nxa6 bxa6 34. Bxa6 Bc6 35. Re1 Bg2 36. Re3 Nd5 37. Rg3 Nf4 38. h4 f5 39. b5 e5 40. b6 Bc6 41. gxf5 gxf5 42. Rg7+ Ke6 43. Kb3 Rb8 44. Rc7 Kd5 45. Bc4+ Kxc5 46. Rxh7 0-1

[Event "Hamar op"]
[Site "Hamar"]
[Date "2013.11.21"]
[Round "6"]
[White "Slettmoen, Markus"]
[Black "Brobakken, Jorgen"]
[Result "0-1"]
[WhiteElo "825"]
[BlackElo "1005"]
[PlyCount "76"]
[EventDate "2013.08.29"]
[EventType "swiss"]
[EventRounds "7"]
[EventCountry "NOR"]
[SourceTitle "EXT 2024"]
[Source "ChessBase"]
[SourceDate "2023.10.10"]
[SourceVersion "1"]
[SourceVersionDate "2023.10.10"]
[SourceQuality "1"]

1. d4 Nf6 2. Nf3 g6 3. Bf4 Bg7 4. e3 d6 5. Bd3 0-0 6. 0-0 Nbd7 7. Nc3 Re8 8. Re1 e5 9. dxe5 dxe5 10. Bg5 c6 11. e4 Qb6 12. b3 Ng4 13. Be3 Qa5 14. Qd2 Nxe3 15. Rxe3 Bh6 16. Nb1 Qxd2 17. Nbxd2 Bxe3 18. fxe3 Nc5 19. Rd1 Bg4 20. Nc4 Bxf3 21. gxf3 Rad8 22. f4 exf4 23. exf4 Nxe4 24. Kf1 b5 25. Ne5 Rd6 26. Re1 Nc3 27. a3 Rf6 28. Kg2 Rxf4 29. Kg3 Rd4 30. Bf1 Ne4+ 31. Kf3 Rxe5 32. Bd3 Ng5+ 33. Kf2 Rf4+ 34. Kg3 Rf3+ 35. Kg4 Rxe1 36. Kxg5 Rg1+ 37. Kh4 f5 38. Bxf5 gxf5 0-1

[Event "Hamar op"]
[Site "Hamar"]
[Date "2013.10.17"]
[Round "4"]
[White "Slettmoen, Markus"]
[Black "Ormasen, Hogne"]
[Result "0-1"]
[WhiteElo "825"]
[BlackElo "1178"]
[PlyCount "98"]
[EventDate "2013.08.29"]
[EventType "swiss"]
[EventRounds "7"]
[EventCountry "NOR"]
[SourceTitle "EXT 2024"]
[Source "ChessBase"]
[SourceDate "2023.10.10"]
[SourceVersion "1"]
[SourceVersionDate "2023.10.10"]
[SourceQuality "1"]

1. d4 d5 2. Nf3 e6 3. Bf4 c5 4. e3 Nc6 5. Bd3 c4 6. Be2 Nf6 7. c3 b5 8. b4 a5 9. Na3 Qb6 10. bxa5 Qxa5 11. Nb1 Ne4 12. Qc2 b4 13. Ne5 Nxe5 14. Bxe5 f6 15. f3 Nxc3 16. Nxc3 fxe5 17. Nb1 Rb8 18. 0-0 b3 19. Qc3 Bb4 20. Qb2 Ra8 21. a3 0-0 22. dxe5 Bd7 23. e4 Rfc8 24. exd5 exd5 25. Rd1 d4 26. Rxd4 Bc5 27. Bxc4+ Kf8 28. Kf1 Bxd4 29. Qxd4 Bb5 30. Qf4+ Ke7 31. Nd2 Bxc4+ 32. Nxc4 Qb5 33. Qg5+ Kd7 34. Qd2+ Kc7 35. Qd6+ Kb7 36. Qe7+ Rc7 37. Qb4 Qxb4 38. Nd6+ Qxd6 39. exd6 b2 40. Rb1 Rc1+ 41. Rxc1 bxc1Q+ 42. Kf2 Qc5+ 43. Kf1 Qxd6 44. g3 Rxa3 45. Kg2 Qd5 46. Kh3 Qxf3 47. Kh4 h5 48. Kh3 Qe2 49. Kh4 Qg4# 0-1

[Event "Hamar op"]
[Site "Hamar"]
[Date "2013.10.03"]
[Round "3"]
[White "Tostibakken, Odd N"]
[Black "Slettmoen, Markus"]
[Result "0-1"]
[WhiteElo "1031"]
[BlackElo "825"]
[PlyCount "104"]
[EventDate "2013.08.29"]
[EventType "swiss"]
[EventRounds "7"]
[EventCountry "NOR"]
[SourceTitle "EXT 2024"]
[Source "ChessBase"]
[SourceDate "2023.10.10"]
[SourceVersion "1"]
[SourceVersionDate "2023.10.10"]
[SourceQuality "1"]

1. e4 e6 2. d4 d5 3. exd5 exd5 4. Nf3 Nf6 5. Bg5 h6 6. Bh4 Bd6 7. Nc3 Nc6 8. Nxd5 g5 9. Nxf6+ Qxf6 10. Bg3 g4 11. Bxd6 Qxd6 12. d5 Qe7+ 13. Qe2 gxf3 14. Qxe7+ Nxe7 15. 0-0-0 Bg4 16. Re1 Rd8 17. Bb5+ Kf8 18. gxf3 Bxf3 19. Rhg1 Rxd5 20. Bc4 Rg5 21. Rg3 Bd5 22. Bxd5 Nxd5 23. Rd1 Nf4 24. Rxg5 hxg5 25. Rd7 Rxh2 26. Rxc7 Rxf2 27. Rxb7 g4 28. Rb3 Ne2+ 29. Kd1 g3 30. Rxg3 Nxg3 31. b4 f5 32. a4 Re2 33. b5 f4 34. a5 f3 35. b6 f2 36. Kc1 axb6 37. a6 Re1+ 38. Kb2 f1Q 39. a7 Ra1 40. c4 Rxa7 41. c5 bxc5 42. Kb3 Qd1+ 43. Kb2 Rb7+ 44. Kc3 Ne2+ 45. Kc4 Rb4+ 46. Kxc5 Qd4+ 47. Kc6 Rc4+ 48. Kb5 Qc5+ 49. Ka6 Nc3 50. Kb7 Qb5+ 51. Ka7 Rc7+ 52. Ka8 Qb7# 0-1

[Event "Hamar op"]
[Site "Hamar"]
[Date "2013.09.19"]
[Round "2"]
[White "Slettmoen, Markus"]
[Black "Orsleie, Sivert Nikolai"]
[Result "1/2-1/2"]
[WhiteElo "825"]
[BlackElo "884"]
[PlyCount "108"]
[EventDate "2013.08.29"]
[EventType "swiss"]
[EventRounds "7"]
[EventCountry "NOR"]
[SourceTitle "EXT 2024"]
[Source "ChessBase"]
[SourceDate "2023.10.10"]
[SourceVersion "1"]
[SourceVersionDate "2023.10.10"]
[SourceQuality "1"]

1. e4 e5 2. Bc4 Nf6 3. Nf3 Bd6 4. Ng5 0-0 5. c3 h6 6. Nxf7 Rxf7 7. Bxf7+ Kxf7 8. Qb3+ Kf8 9. 0-0 Nxe4 10. c4 Nc6 11. Qf3+ Nf6 12. Nc3 Nd4 13. Qd3 Bc5 14. Re1 Qe7 15. f4 Nf3+ 16. Kf1 Nxe1 17. Kxe1 exf4+ 18. Ne2 d6 19. b3 Qe5 20. Rb1 Bg4 21. Bb2 Qxe2+ 22. Qxe2 Bxe2 23. Kxe2 Re8+ 24. Kf3 Nh5 25. g4 fxg3 26. hxg3 g5 27. Kg4 Ng7 28. Rf1+ Kg8 29. Rh1 Kh7 30. Rf1 Ne6 31. Rf7+ Kg8 32. Rf6 Kh7 33. Rf7+ Kg6 34. Rf6+ Kh7 35. Rf7+ Kg8 36. Rf6 Bd4 37. Rg6+ Kf7 38. Kf5 Ng7+ 39. Rxg7+ Kxg7 40. Bxd4+ Kh7 41. Bxa7 b6 42. c5 dxc5 43. b4 cxb4 44. d4 Ra8 45. Bxb6 cxb6 46. d5 Ra5 47. Ke6 Kg8 48. Ke7 Rxd5 49. Ke6 Rd2 50. Kf6 Kh7 51. Kf5 Rxa2 52. Kg4 b3 53. Kh5 b2 54. g4 b1Q 1/2-1/2

[Event "Hedmark & Oppland Region-ch"]
[Site "Hamar"]
[Date "2013.04.07"]
[Round "4"]
[White "Orsleie, Sivert Nikolai"]
[Black "Slettmoen, Markus"]
[Result "1-0"]
[WhiteElo "602"]
[BlackElo "756"]
[PlyCount "83"]
[EventDate "2013.04.06"]
[EventType "swiss"]
[EventRounds "5"]
[EventCountry "NOR"]
[SourceTitle "EXT 2024"]
[Source "ChessBase"]
[SourceDate "2023.10.10"]
[SourceVersion "1"]
[SourceVersionDate "2023.10.10"]
[SourceQuality "1"]

1. e4 e6 2. Nc3 Nc6 3. Nf3 Qf6 4. d4 d5 5. exd5 exd5 6. Nxd5 Qe6+ 7. Ne3 Nf6 8. d5 Nxd5 9. Qxd5 Qxd5 10. Nxd5 Bd6 11. Bf4 Bxf4 12. Nxf4 Nb4 13. Nd4 0-0 14. a3 Re8+ 15. Be2 Na6 16. 0-0-0 Nc5 17. Nd5 Re5 18. Nxc7 Rb8 19. Ncb5 Ne4 20. Rhf1 Bd7 21. f3 a6 22. fxe4 axb5 23. Bf3 Bc6 24. Rfe1 h6 25. Nf5 Rbe8 26. Nd6 R8e6 27. Rd4 Kf8 28. c4 bxc4 29. Nxc4 Rc5 30. b4 Rg5 31. h4 Rg3 32. Nd6 Ke7 33. Nf5+ Kf6 34. Nxg3 g5 35. e5+ Rxe5 36. hxg5+ hxg5 37. Nh5+ Kf5 38. Bg4+ Kg6 39. Rxe5 Bxg2 40. Rd6+ Kh7 41. Bf5+ Kh8 42. Re8# 1-0

[Event "Hedmark & Oppland Region-ch"]
[Site "Hamar"]
[Date "2013.04.06"]
[Round "1"]
[White "Slettmoen, Markus"]
[Black "Brobakken, Sindre"]
[Result "0-1"]
[WhiteElo "756"]
[BlackElo "1390"]
[PlyCount "68"]
[EventDate "2013.04.06"]
[EventType "swiss"]
[EventRounds "5"]
[EventCountry "NOR"]
[SourceTitle "EXT 2024"]
[Source "ChessBase"]
[SourceDate "2023.10.10"]
[SourceVersion "1"]
[SourceVersionDate "2023.10.10"]
[SourceQuality "1"]

1. e4 d5 2. Nc3 d4 3. Nd5 e5 4. Nf3 c6 5. Nxe5 cxd5 6. Bb5+ Bd7 7. Qf3 Nf6 8. Bxd7+ Nbxd7 9. Qf5 dxe4 10. Nxd7 Qxd7 11. Qxd7+ Nxd7 12. 0-0 0-0-0 13. Re1 f5 14. d3 Bb4 15. Re2 Rde8 16. Bd2 Bxd2 17. Rxd2 e3 18. Re2 f4 19. f3 g5 20. g4 fxg3 21. h3 Ne5 22. Kg2 Rhf8 23. Rf1 Rf6 24. b3 Ref8 25. Kxg3 Rxf3+ 26. Rxf3 Rxf3+ 27. Kg2 h5 28. Re1 Rf2+ 29. Kh1 Nf3 30. Re2 Rxe2 31. c4 dxc3 32. h4 c2 33. hxg5 Nxg5 34. Kg1 c1Q# 0-1